Language Quiz

Random Language or Country Quiz

French Speaking Countries on a Map Quiz Stats

 Plays Quiz Updated Aug 11, 2018

Challenge
Share
Tweet
Score 0/29 Timer 07:00
38 Plays Today
% Correct
France
97.5%
Canada
97.4%
Madagascar
89.8%
Belgium
89%
Switzerland
86.3%
Haiti
83.2%
Luxembourg
82.5%
Monaco
82.2%
Niger
81.6%
Chad
79.4%
Mali
78.3%
Côte d’Ivoire
77.9%
DRC
76.6%
Senegal
72.9%
CAR
71.6%
% Correct
Togo
71.6%
Djibouti
71.5%
Seychelles
70.7%
Rwanda
70.5%
Cameroon
70.4%
Guinea
69.9%
Benin
67.8%
Rep. Congo
66.2%
Burkina Faso
63.7%
Gabon
63%
Comoros
62.9%
Burundi
61.1%
Equatorial Guinea
59.4%
Vanuatu
51.5%

You're not logged in!

Compare scores with friends on all Sporcle quizzes.
Join for Free
OR
Log In

You Might Also Like...

Show Comments

Extras

Top Quizzes Today


Score Distribution

Your Account Isn't Verified!

In order to create a playlist on Sporcle, you need to verify the email address you used during registration. Go to your Sporcle Settings to finish the process.

Report this User

Report this user for behavior that violates our Community Guidelines.

Details: